Ustad dərsləri (Record no. 428)
[ view plain ]
| 000 -LEADER | |
|---|---|
| fixed length control field | 01018nam a22003137a 4500 |
| 003 - CONTROL NUMBER IDENTIFIER | |
| control field | OSt |
| 005 - DATE AND TIME OF LATEST TRANSACTION | |
| control field | 20260513085008.0 |
| 008 - FIXED-LENGTH DATA ELEMENTS--GENERAL INFORMATION | |
| fixed length control field | 260512b |||||||| |||| 00| 0 aze d |
| 020 ## - INTERNATIONAL STANDARD BOOK NUMBER | |
| International Standard Book Number | 9789952225273 |
| 040 ## - CATALOGING SOURCE | |
| Original cataloging agency | AZ-XaKU |
| Language of cataloging | aze |
| Transcribing agency | AZ-XaKU |
| 050 14 - LIBRARY OF CONGRESS CALL NUMBER | |
| Classification number | PN1669 .AM56 .L5668 2022 |
| 100 1# - MAIN ENTRY--PERSONAL NAME | |
| Personal name | Əmirli, Əli, |
| Relator term | müəllif. |
| Titles and words associated with a name | dosent, |
| Dates associated with a name | 1948 - , |
| 245 10 - TITLE STATEMENT | |
| Title | Ustad dərsləri |
| Statement of responsibility, etc. | / Əli Əmirli |
| 264 ## - PRODUCTION, PUBLICATION, DISTRIBUTION, MANUFACTURE, AND COPYRIGHT NOTICE | |
| Place of production, publication, distribution, manufacture | Bakı: |
| Name of producer, publisher, distributor, manufacturer | Mücrü nəşriyyatı, |
| Date of production, publication, distribution, manufacture, or copyright notice | 2021. |
| 300 ## - PHYSICAL DESCRIPTION | |
| Extent | 64 səhifə ; |
| Dimensions | 20.5 sm. |
| 336 ## - CONTENT TYPE | |
| Content type term | text |
| Content type code | txt |
| Source | rdacontent |
| 337 ## - MEDIA TYPE | |
| Media type term | unmediated |
| Media type code | n |
| Source | rdamedia |
| 338 ## - CARRIER TYPE | |
| Carrier type term | volume |
| Carrier type code | nc |
| Source | rdacarrier |
| 521 ## - TARGET AUDIENCE NOTE | |
| Target audience note | Ümumi oxucu kütləsi |
| 600 ## - SUBJECT ADDED ENTRY--PERSONAL NAME | |
| Source of heading or term | AZ-XaKU |
| 650 #7 - SUBJECT ADDED ENTRY--TOPICAL TERM | |
| Topical term or geographic name entry element | Sənətşünaslıq |
| Geographic subdivision | Azərbaycan |
| Source of heading or term | AZ-XaKU |
| 655 ## - INDEX TERM--GENRE/FORM | |
| Genre/form data or focus term | Elmi-publisistik və metodik vəsait |
| 700 1# - ADDED ENTRY--PERSONAL NAME | |
| Personal name | Xan, Müşfiq, |
| Relator term | naşir. |
| 700 1# - ADDED ENTRY--PERSONAL NAME | |
| Personal name | İlham, Fərid, |
| Relator term | dizayner. |
| 700 1# - ADDED ENTRY--PERSONAL NAME | |
| Personal name | Ağsəs, Qulu, |
| Relator term | layihənin rəhbəri. |
| 700 1# - ADDED ENTRY--PERSONAL NAME | |
| Personal name | Tunay, Aytən, |
| Relator term | texniki redaktor və korrektor. |
| 942 ## - ADDED ENTRY ELEMENTS (KOHA) | |
| Koha item type | Book |
| Withdrawn status | Lost status | Source of classification or shelving scheme | Damaged status | Not for loan | Collection | Home library | Current library | Date acquired | Total checkouts | Full call number | Barcode | Date last seen | Copy number | Price effective from | Koha item type |
|---|---|---|---|---|---|---|---|---|---|---|---|---|---|---|---|
| Library of Congress Classification | Fine Arts Collection | Karabakh University Main Library | Karabakh University Art Library | 05/13/2026 | PN1669 .AM56 .L5668 2022 | 0000001206 | 05/13/2026 | 1 | 05/13/2026 | Book |